| 000 | 01042nam a22002415i 4500 | ||
|---|---|---|---|
| 001 | 154225 | ||
| 003 | ES-MaACL | ||
| 005 | 20251004063202.0 | ||
| 008 | 980514q1852 sp |||| | spa d | ||
| 080 | _a821.134.2-14"18" | ||
| 100 | 1 |
_aOlloqui, Emilio, _d1821-1893 _9130642 |
|
| 245 | 1 | 0 |
_aElegía a la memoria del inmortal Castaños, vencedor en Bailén / _c[por Emilio Olloqui]. |
| 260 |
_aMadrid : _b[s.n., _c1852?] ( _eImp. Nacional) |
||
| 300 |
_a[5] p. ; _c26 cm. |
||
| 530 | _aDisponible en formato digital. | ||
| 594 | _aEl autor consta a fin de texto. | ||
| 596 | _aTexto fechado en Madrid, 26 de setiembre de 1852 | ||
| 600 | 1 | 4 |
_aCastaños, Francisco Javier, _d1758-1852 _9157491 |
| 852 | 4 |
_aES-MaACL _jT-47-F-3 _z- Enc. hol., falto de cub. original _z- Enc. en un vol. facticio |
|
| 852 | 4 |
_aES-MaACL _jT-49-F-4 _z- Enc. hol., falto de cub. original _z- Enc. en un vol. facticio |
|
| 856 | 4 |
_uhttp://bdh-rd.bne.es/viewer.vm?id=0000146277&page=1 _zBiblioteca Digital Hispánica |
|
| 999 |
_c154225 _d154225 |
||